[Event "Heusenstamm Sparkassen op-B 7th"]
[Site "Heusenstamm"]
[Date "2021.11.21"]
[Round "7.15"]
[White "Blank, Stephan1111"]
[Black "Ziegler, Christopher"]
[Result "1/2-1/2"]
[WhiteElo "1631"]
[BlackElo "1443"]
[PlyCount "89"]
[EventDate "2021.11.18"]
[EventType "swiss"]
[EventRounds "7"]
[EventCountry "GER"]
[SourceTitle "EXT 2023"]
[Source "ChessBase"]
[SourceDate "2022.10.05"]
[SourceVersion "1"]
[SourceVersionDate "2022.10.05"]
[SourceQuality "1"]

1. e4 c5 2. Nf3 Nc6 3. d4 cxd4 4. Nxd4 Nf6 5. Nc3 a6 6. Bc4 e6 7. 0-0 Bb4 8. Nde2 0-0 9. a3 Be7 10. Ng3 b6 11. f4 Bb7 12. e5 Ne8 13. Nce4 f5 14. Nd6 Bxd6 15. exd6 Qb8 16. Be3 Nxd6 17. Ba2 Qc7 18. c4 Na5 19. Rc1 Ne4 20. Nxe4 Bxe4 21. c5 b5 22. Qd6 Qb7 23. Bd4 Bxg2 24. Rf2 Be4 25. b4 Nc6 26. Bc3 Rae8 27. Rd1 Rf7 28. h4 Ne7 29. Qxd7 Nd5 30. Qxb7 Rxb7 31. Be5 a5 32. Bxd5 Bxd5 33. Bc3 axb4 34. Bxb4 Kf7 35. Rfd2 h6 36. Kh2 Rg8 37. Rxd5 exd5 38. Rxd5 g6 39. Rd6 Re8 40. c6 Rc7 41. Ba5 Rcc8 42. c7 Re7 43. Rd5 Rexc7 44. Bxc7 Rxc7 45. Rxb5 1/2-1/2

[Event "Heusenstamm Sparkassen op-B 6th"]
[Site "Heusenstamm"]
[Date "2019.11.23"]
[Round "4"]
[White "Ziegler, Christopher"]
[Black "Plaumann, Arvin"]
[Result "0-1"]
[WhiteElo "1408"]
[BlackElo "1691"]
[PlyCount "63"]
[EventDate "2019.11.21"]
[EventType "swiss"]
[EventRounds "7"]
[EventCountry "GER"]
[SourceTitle "CBM 194 Extra"]
[Source "ChessBase"]
[SourceDate "2020.03.31"]
[SourceVersion "1"]
[SourceVersionDate "2020.03.31"]
[SourceQuality "1"]

1. e4 e6 2. d4 d5 3. e5 c5 4. c3 Nc6 5. Nf3 Qb6 6. Na3 cxd4 7. cxd4 Bb4+ 8. Ke2 Nge7 9. Nc2 Nf5 10. a3 Qb5+ 11. Qd3 Qxd3+ 12. Kxd3 Be7 13. Be2 b6 14. Kc3 0-0 15. g4 Nh4 16. Nxh4 Bxh4 17. f4 Bb7 18. b3 Rac8 19. Kb2 f6 20. Be3 fxe5 21. fxe5 Bf2 22. Bb5 Bxe3 23. Bxc6 Rf2 24. Kb1 Bxd4 25. Nxd4 Bxc6 26. Nxe6 d4 27. Re1 d3 28. Ra2 d2 29. Rg1 Be4+ 30. Kb2 Rc2+ 31. Ka1 Rxa2+ 32. Kxa2 0-1

[Event "Heusenstamm Sparkassen op-B 5th"]
[Site "Heusenstamm"]
[Date "2018.11.25"]
[Round "6"]
[White "Fuchs, Andreas1111"]
[Black "Ziegler, Christopher"]
[Result "1-0"]
[WhiteElo "1661"]
[BlackElo "1353"]
[PlyCount "43"]
[EventDate "2018.11.22"]
[EventType "swiss"]
[EventRounds "7"]
[EventCountry "GER"]
[SourceTitle "CBM 187 Extra"]
[Source "ChessBase"]
[SourceDate "2018.11.04"]
[SourceVersion "1"]
[SourceVersionDate "2018.11.04"]
[SourceQuality "1"]

1. f4 f5 2. g3 Nf6 3. Bg2 Nc6 4. Nf3 b6 5. 0-0 Bb7 6. c4 g6 7. d4 Bg7 8. d5 Na5 9. Nbd2 e6 10. dxe6 dxe6 11. Rb1 Ng4 12. b4 Bd4+ 13. Kh1 Ne3 14. Qa4+ Bc6 15. b5 Nxf1 16. bxc6 Nxd2 17. Bxd2 Kf7 18. Rd1 Nxc4 19. Qxc4 Be3 20. Ng5+ Ke7 21. Qxe6+ Kf8 22. Qf7# 1-0